Introduction to Psychology / (Record no. 1037)
[ view plain ]
| 000 -LEADER | |
|---|---|
| Fixed length control field | 00530nam a2200181 4500 |
| 003 - CONTROL NUMBER IDENTIFIER | |
| Control field | SEACOMMC |
| 005 - DATE AND TIME OF LATEST TRANSACTION | |
| Control field | 20250501144241.0 |
| 008 - FIXED-LENGTH DATA ELEMENTS--GENERAL INFORMATION | |
| Fixed length control field | 250129b |||||||| |||| 00| 0 eng d |
| 020 ## - INTERNATIONAL STANDARD BOOK NUMBER / ISBN | |
| International Standard Book Number | 0-0-70430-853 |
| Price | Rs.370.00 |
| 040 ## - CATALOGING SOURCE | |
| Original cataloging agency | SEACOMMC |
| 082 ## - DEWEY DECIMAL CLASSIFICATION NUMBER | |
| Classification number | 150 |
| Book Number | H 644 |
| 100 ## - MAIN ENTRY--PERSONAL NAME | |
| Personal name | Hilgard, Ernest R. |
| 245 1# - TITLE STATEMENT | |
| Title | Introduction to Psychology / |
| Statement of responsibility | Ernest R. Hilgard, Richard C. Atkinson and Rita L. Atkinson. |
| 250 ## - EDITION STATEMENT | |
| Edition statement | 6th ed. |
| 260 ## - IMPRINT | |
| Place of publication | New Delhi |
| Name of publisher | Oxford and IBH Publishing |
| Date of publication | 1975 |
| 650 ## - SUBJECT ADDED ENTRY--TOPICAL TERM | |
| Topical term | Psychology |
| 942 ## - ADDED ENTRY ELEMENTS (KOHA) | |
| Koha item type | Books |
| Withdrawn status | Lost status | Source of classification | Damaged status | Not for loan | Home library | Current library | Shelving location | Date acquired | Total Checkouts | Call number | Accession number | Date last seen | Price effective from | Koha item type | Copy number |
|---|---|---|---|---|---|---|---|---|---|---|---|---|---|---|---|
| Dewey Decimal Classification | SEACOM MANAGEMENT COLLEGE | SEACOM MANAGEMENT COLLEGE | Reference | 17/01/2008 | 150 H 644 | M-1781 | 29/01/2025 | 29/01/2025 | Books | ||||||
| Dewey Decimal Classification | SEACOM MANAGEMENT COLLEGE | SEACOM MANAGEMENT COLLEGE | 17/01/2008 | 150 H 644 | M-1782 | 29/01/2025 | 29/01/2025 | Books | 1 |
